[Event "Reykjavik op"]
[Site "Reykjavik"]
[Date "2023.04.01"]
[Round "5"]
[White "Lokeswara Rao, M."]
[Black "Opasiak, Dustin Tennessee"]
[Result "0-1"]
[WhiteElo "1218"]
[BlackElo "1748"]
[PlyCount "58"]
[EventDate "2023.03.29"]
[EventType "swiss"]
[EventRounds "9"]
[EventCountry "ISL"]
[SourceTitle "CBM 213 Extra"]
[Source "ChessBase"]
[SourceDate "2023.05.31"]
[SourceVersion "1"]
[SourceVersionDate "2023.05.31"]
[SourceQuality "1"]

1. e4 c6 2. b3 d5 3. exd5 cxd5 4. d4 Nc6 5. Nf3 Nf6 6. h3 e6 7. Bd3 Bb4+ 8. c3 Bd6 9. 0-0 h6 10. Re1 0-0 11. Nbd2 a6 12. Bb2 b5 13. b4 Qc7 14. Nb3 e5 15. dxe5 Nxe5 16. Nbd4 Nxd3 17. Qxd3 Ne4 18. a4 bxa4 19. Rxa4 Nxf2 20. Kxf2 Bg3+ 21. Kf1 Bxe1 22. Kxe1 Qg3+ 23. Kf1 Re8 24. Ra1 a5 25. b5 a4 26. Ba3 Re4 27. b6 Ba6 28. Nb5 Rae8 29. Qxd5 Re2 0-1

[Event "Reykjavik op"]
[Site "Reykjavik"]
[Date "2023.03.30"]
[Round "3"]
[White "Lokeswara Rao, M."]
[Black "Morris, Simon"]
[Result "1-0"]
[WhiteElo "1218"]
[BlackElo "1648"]
[PlyCount "69"]
[EventDate "2023.03.29"]
[EventType "swiss"]
[EventRounds "9"]
[EventCountry "ISL"]
[SourceTitle "CBM 213 Extra"]
[Source "ChessBase"]
[SourceDate "2023.05.31"]
[SourceVersion "1"]
[SourceVersionDate "2023.05.31"]
[SourceQuality "1"]

1. e4 c5 2. Nc3 d6 3. Bc4 Nc6 4. a3 Nf6 5. d3 g6 6. h3 Bg7 7. Nf3 0-0 8. 0-0 e6 9. Be3 b6 10. Qd2 Bb7 11. Bh6 d5 12. Bxg7 Kxg7 13. exd5 exd5 14. Ba2 d4 15. Ne2 Re8 16. Ng3 Qd7 17. Rfe1 Rad8 18. Qg5 h6 19. Qf4 Qd6 20. Qh4 Ne5 21. Nd2 Qc6 22. f3 Bc8 23. Nge4 Nd5 24. Bxd5 Rxd5 25. f4 Nd7 26. Nf3 f6 27. Nf2 Rxe1+ 28. Rxe1 Qd6 29. Ne4 Qf8 30. Ng3 Qf7 31. Qg4 b5 32. Nh4 Nb6 33. f5 g5 34. Ng6 Kg8 35. Re7 1-0

[Event "Budapest Vezerkepzo Christmas FM"]
[Site "Budapest"]
[Date "2023.01.03"]
[Round "8"]
[White "Lokeswara Rao, M."]
[Black "Juracsik, Jozsef"]
[Result "0-1"]
[WhiteElo "1157"]
[BlackElo "1929"]
[PlyCount "44"]
[EventDate "2022.12.26"]
[EventType "schev"]
[EventRounds "10"]
[EventCountry "HUN"]
[SourceTitle "CBM 212 Extra"]
[Source "ChessBase"]
[SourceDate "2023.03.31"]
[SourceVersion "1"]
[SourceVersionDate "2023.03.31"]
[SourceQuality "1"]
[WhiteTeam "Team B"]
[BlackTeam "Team A"]
[WhiteTeamCountry "HUN"]
[BlackTeamCountry "HUN"]

1. d4 Nf6 2. Nf3 g6 3. g3 Bg7 4. Bg2 c5 5. 0-0 cxd4 6. Nxd4 Nc6 7. c3 0-0 8. h3 e5 9. Nb5 d5 10. a4 a6 11. N5a3 Be6 12. Nc2 Qd7 13. Bg5 h6 14. Bxf6 Bxf6 15. e3 Bg7 16. Kh2 Rfd8 17. Ra3 Bf8 18. Ra1 Qc7 19. Qc1 Rac8 20. Nd2 Qb6 21. Rd1 Na5 22. Nb4 Bxb4 0-1

[Event "Budapest FS02 Development"]
[Site "Budapest"]
[Date "2019.02.12"]
[Round "10"]
[White "Nagy, Gyorgy1111"]
[Black "Lokeswara Rao, M."]
[Result "1-0"]
[WhiteElo "1790"]
[BlackElo "1163"]
[PlyCount "27"]
[EventDate "2019.02.02"]
[EventType "tourn"]
[EventRounds "10"]
[EventCountry "HUN"]
[SourceTitle "CBM 189 Extra"]
[Source "ChessBase"]
[SourceDate "2019.06.03"]
[SourceVersion "1"]
[SourceVersionDate "2019.06.03"]
[SourceQuality "1"]

1. d4 Nf6 2. c4 d6 3. Nc3 c6 4. e4 g6 5. f3 Bg7 6. Be3 Nbd7 7. Qd2 h5 8. Nge2 a5 9. 0-0-0 Rb8 10. e5 dxe5 11. dxe5 Ng8 12. e6 fxe6 13. Nf4 b5 14. Nxe6 1-0

[Event "Budapest FS02 Development"]
[Site "Budapest"]
[Date "2019.02.08"]
[Round "6"]
[White "Lokeswara Rao, M."]
[Black "Tompa, Zoltan"]
[Result "0-1"]
[WhiteElo "1163"]
[BlackElo "1293"]
[PlyCount "38"]
[EventDate "2019.02.02"]
[EventType "tourn"]
[EventRounds "10"]
[EventCountry "HUN"]
[SourceTitle "CBM 189 Extra"]
[Source "ChessBase"]
[SourceDate "2019.06.03"]
[SourceVersion "1"]
[SourceVersionDate "2019.06.03"]
[SourceQuality "1"]

1. d4 d5 2. Bf4 g6 3. e3 Bg7 4. Nf3 Nf6 5. h3 0-0 6. c4 c6 7. Nc3 Re8 8. Be2 Qb6 9. Qb3 Qxb3 10. axb3 Bf5 11. c5 Nbd7 12. b4 b5 13. g4 Be4 14. Nxe4 Nxe4 15. Bd3 e5 16. dxe5 Nxe5 17. Bxe4 dxe4 18. Nd4 Nd3+ 19. Kd2 Nxf4 0-1